| 000 | 00689cab a2200241 4500 | ||
|---|---|---|---|
| 001 | ABS46071 | ||
| 008 | 090401t1992 xxu||||| |||| 00| 0 eng d | ||
| 035 | _a(Sirsi) u56691 | ||
| 041 | _aeng | ||
| 100 | _aBerkeley, R. | ||
| 245 | _aFunding review | ||
| 260 | _c1992 | ||
| 350 | _a0 | ||
| 490 |
_aJournal of Property Finance _v2(4) Spring 1992, 517-519(3) |
||
| 520 | _aTakes a brief look at the state of the UK commercial mortgage market. | ||
| 650 | _aCOMMERCIAL MORTGAGES | ||
| 650 | _aDEVELOPMENT FUNDING | ||
| 650 | _aINVESTMENT FINANCE | ||
| 650 | _aPROPERTY FUNDING MARKET | ||
| 690 | _aPROPERTY-PROPERTY FINANCE AND INVESTMENT | ||
| 942 | _n0 | ||
| 948 | _c04/03/1997 | ||
| 999 |
_c34601 _d34601 |
||